| 000 | 01375cam a2200313 a 4500 | ||
|---|---|---|---|
| 999 |
_c21459 _d21459 |
||
| 001 | 1686134 | ||
| 005 | 20170121124933.0 | ||
| 008 | 990427s2000 caua b 001 0 eng | ||
| 010 | _a 99030614 | ||
| 020 | _a0767410238 | ||
| 050 | 0 | 0 | _aGV363 .S5 2000 |
| 100 | 1 | _aSiedentop, Daryl. | |
| 245 | 1 | 0 |
_aDeveloping teaching skills in physical education / _cDaryl Siedentop, Deborah Tannehill. |
| 250 | _a4th ed. | ||
| 260 |
_aMountain View, Calif. : _bMayfield Pub. Co., _cc2000. |
||
| 300 |
_axvii, 380 p. : _bill. ; _c25 cm. |
||
| 504 | _aIncludes bibliographical references (p. 353-368) and index. | ||
| 650 | 0 |
_aPhysical education teachers _xTraining of _zUnited States. |
|
| 650 | 0 |
_aPhysical education and training _xCurricula _zUnited States. |
|
| 700 | 1 | _aTannehill, Deborah. | |
| 856 | 4 | 2 |
_3Contributor biographical information _uhttp://www.loc.gov/catdir/enhancements/fy1012/99030614-b.html |
| 856 | 4 | 2 |
_3Publisher description _uhttp://www.loc.gov/catdir/enhancements/fy1012/99030614-d.html |
| 856 | 4 | 1 |
_3Table of contents only _uhttp://www.loc.gov/catdir/enhancements/fy1012/99030614-t.html |
| 942 |
_2lcc _cBOOKS |
||